| 000 | 00614nam a2200181Ia 4500 | ||
|---|---|---|---|
| 003 | GCL | ||
| 008 | 140319s9999 xx 000 0 ara d | ||
| 040 |
_aGCL / _cGCL |
||
| 082 | 0 | 4 |
_aد _b050 |
| 100 | 1 | _aامام عبدالفتاح امام | |
| 245 | 1 | 0 |
_aالطاغية: دراسة فلسفية لصور من الاستبداد السياسى ( عالم المعرفة 183 ) / _cامام عبدالفتاح امام |
| 300 | _a382 ص | ||
| 490 |
_aعالم المعرفة _v0 |
||
| 650 | 0 | 4 | _aالملوك والحكام |
| 650 | 0 | 4 | _aالدكتاتورية |
| 650 | 0 | 4 | _aالاستبداد |
| 942 |
_2ddc _cBK |
||
| 999 |
_c50326 _d50326 |
||